Statistics for Taylor Swift - champagne problems Lyrics

Click here to take the quiz!

General Stats

  • This quiz has been taken 136 times
  • The average score is 266 of 285

Answer Stats

Answer% Correct
I
100%
You
100%
you
100%
a
98%
And
98%
and
98%
champagne
98%
Champagne
98%
in
98%
So
98%
so
98%
the
98%
Your
98%
your
98%
could
97%
Don't
97%
don't
97%
for
97%
friends
97%
go
97%
it
97%
know
97%
Love
97%
night
97%
no
97%
No
97%
out
97%
problems
97%
show
97%
That
97%
that
97%
they
97%
to
97%
was
97%
dancing
95%
just
95%
Left
95%
me"
95%
money
95%
never
95%
Never
95%
on
95%
One
95%
ready
95%
reason
95%
said
95%
say
95%
shame
95%
"She
95%
she's
95%
Sometimes
95%
standing
95%
"This
95%
this
95%
train
95%
two
95%
What
95%
bride
94%
dropped
94%
hand
94%
head"
94%
instead
94%
is
94%
lovely
94%
made
94%
my
94%
My
94%
of
94%
picture
94%
pocket
94%
real
94%
such
94%
the answer
94%
there
94%
think
94%
wallet
94%
watch
94%
we
94%
you'll
94%
again
92%
But
92%
celebrating
92%
family
92%
find
92%
glass
92%
it's
92%
sit
92%
their
92%
thing
92%
told
92%
which
92%
while
92%
word
92%
worse
92%
You're
92%
you're
92%
bottle
91%
crowd
91%
door
91%
fucked
91%
give
91%
group
91%
heart
91%
Her
91%
joke
91%
knees
91%
leave
91%
sister
91%
speech
91%
would've
91%
Because
89%
booked
89%
couldn't
89%
How
89%
keep
89%
madhouse"
89%
mom's
89%
November
89%
Now
89%
once
89%
one's
89%
our
89%
ring
89%
speechless
89%
through
89%
'Til
89%
touch
89%
"Well
89%
we'll
89%
Chevy
88%
not
88%
or
88%
remember
88%
silent
88%
someone's
88%
sure
88%
beyond
86%
called
86%
dorm
86%
evergreen
86%
have
86%
landing
86%
walked
86%
won't
86%
all
85%
applauded
85%
brought
85%
flush
85%
had
85%
hurt
85%
Midas
85%
nerve
85%
reaches
85%
sleepers
85%
crowds
83%
cure
83%
splashed
83%
With
83%
asks
82%
Bustling
82%
deck
82%
Dom
82%
flannel
82%
halls
82%
hold
82%
hometown
82%
Pérignon
82%
soon
82%
they'll
82%
up
82%
shred
80%
tapestry
78%
Crestfallen
77%
She'll
77%
patch
75%
skeptics
75%
slipped
66%

Score Distribution

Percentile by Number Answered

Percent of People with Each Score

Your Score History

You have not taken this quiz